Deadliest Battles throughout History - Statistics

General Stats
  • This quiz has been taken 1,510 times
  • The average score is 4 of 14
Answer Stats
War # of casualties Battle % Correct
American Civil War 51,000 Battle of Gettysburg
84%
World War II 1,560,000 Battle of Stalingrad
78%
World War I 1,180,000 Battle of the Somme
71%
World War II 1,298,745 Battle of Berlin
37%
American Revolutionary War 8,800 Siege of Yorktown
37%
American Revolutionary War 1,500 Battle of Bunker Hill
28%
Napoleonic Wars 80,000 Battle of Borodino
25%
Napoleonic Wars 92,000 Battle of Leipzig
22%
World War I 483,000 First Battle of the Marne
21%
Vietnam War 12,400 Battle of Hue
11%
Vietnam War 34,868 Battle of Dien Bien Phu
7%
Thirty Years' War 21,500 Battle of Breitenfeld
5%
American Civil War 34,624 Battle of Chickamauga
5%
Thirty Years' War 19,000 Battle of Rocroi
3%
No matching quizzes found
Score Distribution
Percent of People with Each Score
Percentile by Number Answered
Your Score History
You have not taken this quiz